000 00468nam a2200181 4500
003 OSt
008 241005b |||||||| |||| 00| 0 eng d
020 _a9788119131815
041 _amal
082 _a956.941
_bPAP/IS
100 _aPappe, Ilan
_96303
245 _aIsrael mithum yatharthyavum /
250 _a1st ed.
260 _aThiruvananthapuram :
_bChintha Publishers,
_c2024.
300 _a216p.
700 _aSarathkumar G.L - translator.
_96304
942 _cBK
999 _c18126
_d18126